000 00473 a2200193 4500
001 140261
040 _cLeonardo Da Vinci
041 _aPortuguês
082 _a860 P98p
_bP98p
100 _aPUIG, Manuel
245 _aPubis angelical
260 _bCodecri
_c1981
_aRio de Janeiro
300 _a252
362 _a19810000
490 _aEdições do Pasquim
500 _aJosé Sanz (Tradução)
697 _aLiteratura
_aRomance argentino
_aArgentina
942 _cBK
999 _c140261
_d140261